[Event "XX Ciudad de Leon"]
[Site "Leon ESP"]
[Date "2007.07.07"]
[Round "1.1"]
[White "Topalov, V."]
[Black "Kasimdzhanov, R."]
[Result "1-0"]
[WhiteElo "2772"]
[BlackElo "2677"]
[Annotator "Ëåáåäåâ Âàñèëèé"]
[PlyCount "139"]
[EventDate "2007.07.06"]

1. d4 d5 2. c4 e6 3. Nf3 Nf6 4. g3 Be7 5. Bg2 O-O 6. Qc2 Nc6 7. O-O ({RR} 7. a3
dxc4 ({RR} 7... a5 8. b3 Ne4 9. O-O f5 10. Bb2 Bf6 11. Rd1 Ne7 12. Nc3 c6 13.
Na4 Ng6 14. Ne5 Nxe5 15. dxe5 Be7 16. c5 Bd7 17. b4 axb4 18. axb4 Be8 19. Nb6
Rb8 20. Ra3 Bg6 21. f4 h6 22. Bd4 Bf7 23. Rda1 g5 24. Ra8 Rxa8 25. Rxa8 Qc7 26.
Qa2 gxf4 27. gxf4 Kg7 28. Rxf8 Bxf8 29. Bf3 Qe7 30. Qa1 Qh4 31. Be3 Be7 32. Nc8
Bd8 33. Nd6 Bh5 34. Nxb7 Bc7 35. Nd6 Qh3 {
1-0 Mastrovasilis,A (2473)-Kalaitzoglou,P (2160)/Porto Carras 2005/CBM 105 ext}
) 8. Qxc4 Qd5 9. Nbd2 Rd8 10. e3 a5 11. O-O a4 12. Qc2 Qf5 13. Qd1 Qb5 14. Nb1
e5 15. Nc3 Qa5 16. Qe1 exd4 17. Nxd4 Ne5 18. Bd2 Qb6 19. Rb1 c5 20. Nf3 Nxf3+
21. Bxf3 Bh3 {(1/2 Chernin,A (2615) - Speelman,J (2600)/New York 1994).}) 7...
Nb4 8. Qb3 a5 9. a3 Nc6 $146 (9... a4 10. Qd1 Nc6 11. Qc2 Na5 12. cxd5 Nb3 13.
Ra2 exd5 14. Nbd2 Nxd2 15. Bxd2 Ne4 16. Bb4 Bf5 17. Bxe7 Qxe7 18. Nh4 Be6 19.
Raa1 Nd6 20. Rac1 Rfc8 21. Rfd1 c6 22. Nf3 Nc4 23. Nd2 Nd6 24. Qc5 Re8 25. Re1
Bf5 26. e3 Qd8 27. Qb4 Qa5 28. Qxd6 Qxd2 29. Qb4 Qxb4 30. axb4 Bd3 31. Rc3 Bb5
32. Ra1 Ra6 33. Bf1 Bxf1 34. Kxf1 Rea8 35. Rca3 Kf8 36. Ke2 Ke7 37. Kd3 Kd6 38.
Kc3 b5 39. b3 Kc7 40. Kb2 Kb6 41. bxa4 Rxa4 42. Rxa4 Rxa4 43. Rxa4 bxa4 44. Ka3
Kb5 45. h3 h6 46. g4 g5 47. f3 Kc4 48. Kxa4 Kd3 49. Ka5 Kxe3 50. Kb6 Kxd4 51.
Kxc6 Kc4 52. b5 d4 53. b6 d3 54. b7 d2 55. b8=Q d1=Q 56. Qb5+ Kc3 57. Qc5+ Kd2
58. Qd5+ Ke2 59. Qxd1+ Kxd1 60. Kd5 Ke2 61. Ke4 Kf2 62. f4 Kg3 63. fxg5 hxg5
64. Kf5 Kg2 65. Kf6 Kxh3 66. Kxg5 f6+ {
1/2-1/2 Suomalainen,E-Tuomala,T (2212)/Finland 2002/EXT 2003}) 10. Bf4 a4 11.
Qc2 dxc4 12. Qxc4 Nd5 13. Nc3 Nb6 14. Qd3 Bd7 15. Rad1 Na5 16. h4 Nac4 17. Ng5
Bxg5 18. Bxg5 Qe8 19. Bc1 (19. Bxb7 Ra7 20. Bg2 Nxb2) 19... Bc6 20. e4 Rd8 21.
Rfe1 f6 22. g4 {Âèäèìî, ïðèìåðíî ñ ýòîãî ìîìåíòà Ðóñòàì íà÷èíàåò ïîñòåïåííî
ïåðåèãðûâàòü Âåñåëèíà...} (22. Nd5 $5) 22... Qf7 23. Qg3 Kh8 24. Rd3 f5 $1 {
È áåëûå íå íàøëè íè÷åãî ëó÷øå, íåæåëè îòäà÷à âàæíîé öåíòðàëüíîé ïåøêè -} 25.
Rf3 Rxd4 26. gxf5 e5 ({Êîíå÷íî, íå} 26... exf5 $2 27. Rxf5 Qe7 28. Rxf8+ Qxf8
29. Qxc7) 27. Bg5 Nd7 28. Bc1 Nf6 {Îäíè êîíü - íà ñâî¸ì ìåñòå, äåëî çà äðóãèì.}
29. Rd3 Rfd8 30. Red1 Qe7 {
Êîíè â ðóêàõ Ðóñòàìà - ýòî íå ïðîñòî êîíè... Ñêàêóíû!} 31. Nd5 Rxd3 32. Rxd3
Bxd5 33. exd5 Nd6 {Âèñèò ïåøêà íà f5.} 34. Bh3 ({
Rybka ñîâåòóåò óéòè ñîâñåì óæ â ãëóõóþ îáîðîíó -} 34. Qh3) 34... Nde4 35. Qe3
Nc5 36. Rd1 Nb3 37. Bg2 c6 38. Qa7 {
Õîä ïî ×åïóêàéòèñó - áëèæå ê êíîïêå... È âû çíàåòå, îí ìîã ïðèíåñòè óñïåõ!}
Nxc1 39. d6 $5 {«Áûñòðóøêè...» Ïîïûòêà çàïóòàòü ïðîòèâíèêà.} ({Íî ïîñëå} 39.
Rxc1 Nxd5 40. Qxa4 Nf4 {ïîçèöèÿ áåëûõ - øâàõ.}) 39... Ne2+ 40. Kf1 Qf7 $2 {Óïñ!
} ({Ïîñëå} 40... Nf4 $3 {íàçðåâàëà ñåíñàöèÿ  -} 41. dxe7 Rxd1#) 41. Kxe2 Qc4+
$6 {Åù¸ îäèí íàïðàøèâàþùèéñÿ õîä...} (41... Nh5 $142 $1 $40) 42. Ke1 Qb5 $6 {
È åù¸ îäèí...} ({Ñèëüíåå áûëî âñ¸ ïîäðÿä -} 42... Qxh4 43. Qxb7 e4 44. Qb6 Ng4
{Õîòÿ ïîñëå} 45. Bxe4 $1 {, ïî-âèäèìîìó, íàñòóïàëî óìèðîòâîðåíèå.} ({Íî òîëüêî íå
} 45. f6 Qxf6 46. Bxe4 Re8 47. Kf1 (47. f3 $2 Qxf3) 47... Nh2+ $1 48. Kg2 Qg5+
49. Kxh2 Qh4+ 50. Kg1 Qg4+ 51. Kh2 Qxd1 {è ò.ä.}) 45... Nxf2 46. Qxf2 Qxe4+ 47.
Qe2 Qxf5 48. d7 Kg8 49. Qe8+ Qf8 50. Qe5 $44) 43. Rd2 $6 {
Áåëûå, ïîõîæå, òàê äîëãî ñ÷èòàëè ñåáÿ îáîðîíÿþùåéñÿ ñòîðîíîé,} ({
÷òî óïóñêàþò øàíñ ñûãðàòü íà ïåðåõâàò èíèöèàòèâû:} 43. b4 $1 axb3 $140 (43...
Qc4 $142 44. Qa5 Rd7 45. Qxe5 Qxh4 46. b5 $13) 44. Bf1 $18) 43... e4 {
Ðóñòàì, êîíå÷íî æå, èãðàþò íà àòàêó} ({Íî, ìîæåò áûòü, âíèìàíèÿ çàñëóæèâàëî è
} 43... Nd5 $5 44. Bf1 $140 Qb6 45. Qxa4 Rxd6 {ñ áîëåå ñïîêîéíûì ïîëîæåíèåì.})
44. Bf1 $6 {Îïÿòü î÷åâèäíîå, íî, ïî-âèäèìîìó, íå ëó÷øåå ïðîäîëæåíèå.} ({
Ïîñëå} 44. d7 $1 {÷¸ðíûå îêàçûâàëèñü â íåêîåì ïîëóöóãöâàíãå - èì òðóäíî
ïðèäóìàòü ñâîé ñëåäóþùèé õîä. Ðàçâå ÷òî} h5 {, ðàç è íàâñåãäà èçáàâëÿÿñü îò
ìàòîâûõ ïðèçðàêîâ, ìîãóùèõ âíåçàïíî ìàòåðèàëèçîâàòüñÿ íà 8-é ãîðèçîíòàëè.} (
44... Nxd7 $2 45. Rxd7 $1) (44... Qe5 45. Qxb7 e3 46. fxe3 Qxe3+ 47. Kd1 $14) (
{èëè} 44... Kg8 45. Bf1 Qxf5 46. Bc4+ Nd5 47. Qxb7 Qxd7 48. Qxd7 Rxd7 49. Rd4)
{Îäíàêî, ïî-ìîåìó, áåëûå ñîõðàíÿþò âîçìîæíîñòü ñîïðîòèâëåíèÿ:} 45. Qe3 Rxd7
46. Rxd7 Nxd7 47. Bxe4 Qxb2 ({èëè} 47... Nf6 48. Qd4 Nxe4 $140 49. Qxe4 Qxb2 $2
50. Qe8+ Kh7 51. Qxh5+ Kg8 $11) 48. Bxc6 $1 {è ò.ä.}) 44... Qe5 ({
Ïðè òàêîì êîíòðîëå ïîëàãàòüñÿ íà èíòóèöèþ, èäÿ íà âàðèàíò} 44... Qxf5 45. Qxb7
$140 Rf8 46. Qxc6 $2 e3 47. fxe3 Ne4 $19 {íå ñëåäóåò, èáî âàðèàíò ýòîò ñîâñåì
íå ôîðñèðîâàííûé. ×¸ðíûå ïðîäîëæàþò «íàãíåòàòü».}) 45. Be2 ({Ïîñëå} 45.
Qxb7 $2 {èãðà áûñòðî çàêàí÷èâàëàñü} e3 46. fxe3 Qxe3+ 47. Kd1 (47. Re2 Qg3+) (
47. Be2 Ne4) 47... Ne4) ({Âñ¸ æå} 45. Qb6 $142 $5) 45... h6 {Ôîðòî÷êà - âåùü
â «ðàïèäå», áåçóñëîâíî, ïîëåçíàÿ, íî ïîõîæå, ÷òî ýòî ïðîìåäëåíèå.} ({È áûëî
} 45... Nd5 $142 46. Qxa4 ({èëè} 46. Qxb7 e3 $1 47. fxe3 Qg3+ 48. Kd1 Qg1+ 49.
Kc2 Nxe3+ 50. Kd3 Qg3) 46... e3 $1 47. fxe3 Nxe3 $40 {
, îáåùàþùåé ñòàòü ñîêðóøèòåëüíîé. Ïðè÷¸ì â ñàìîì íåäàë¸êîì áóäóùåì:}) 46.
Qxb7 ({Åñëè} 46. d7 $5 {, òî ïîñëå} Nd5 {ïîçèöèÿ íà÷èíàëà «íàêðó÷èâàòüñÿ» -
} 47. Qxb7 e3 48. fxe3 Nxe3 49. Rd3 $8 (49. Qxc6 Qg3#) 49... Ng2+ 50. Kf2 Qh2
51. Qc8 $1 {È íà äîñêå - òóìàí íåÿñíîñòè, îñîáåííî â ñëó÷àå} Nxh4+ ({ïîñëå} 
51... Nf4+ 52. Kf3 Qxe2+ 53. Kxf4 {÷¸ðíûå âðîäå áû äîëæíû äàâàòü âå÷íûé øàõ:}
Qh2+ 54. Kf3 Qh3+ 55. Ke2 {è ò.ä.}) 52. Ke1 Qg1+ 53. Bf1 Qb6 54. Rc3 $1 {
- áëèçêî ê ðàâåíñòâó, Íî áåëûå, îêàçûâàåòñÿ, èãðàþò íà ïîáåäó!}) 46... e3 {
Íà÷àëî êîíöà? Äà! Êîíöà ÷¸ðíûõ!} 47. fxe3 Qxe3 48. Qe7 $1 Qg1+ 49. Bf1 Rd7 $2
({×¸ðíûå (!) óäåðæèâàëè (!) ðàâåíñòâî (!) ïîñëå} 49... Qg3+ 50. Kd1 Rd7 51.
Qe6 Qg1 {Ãðóñòíûé èòîã, ó÷èòûâàÿ ëîãèêó ðàçâèòèÿ ïðåäûäóùèõ ñîáûòèé.}) 50. Qe6
(50. Qe5 $1) 50... Kh7 (50... Qg3+ $1) 51. Rd3 (51. Qe5 $5) 51... Qh2 52. Be2
Qxh4+ (52... Rb7 $142 $1 53. b4 axb3 54. Rxb3 Rxb3 55. Qxb3 Ne4 $1 $15) {
Äàëüøå, âèäèìî, íà÷àëîñü ñîâñåì óæ îòêðîâåííîå øë¸ïàíüå -} 53. Kd1 Qf4 54. Kc2
c5 55. Rd1 Qf2 56. Rd2 Qf4 57. Bb5 Rd8 $4 ({
×òî æå òàì òâîðèëîñü ñî âðåìåíåì, åñëè òàêîé òàêòèê, êàê Êàñûìæàíîâ, íå óâèäåë
} 57... Qxd2+ $1 58. Kxd2 Rxd6+ $1 59. Qxd6 Ne4+ {
, ïåðåõîäÿ â îñòðûé ëåãêîôèãóðíûé ýíäøïèëü ñ ïðîõîäíûìè ïî ðàçíûì êðàÿì äîñêè.}
) 58. d7 h5 (58... c4 $142 $5 59. Qxc4 $140 ({èëè} 59. Bxc4 Qc7 $1) ({íî} 59.
Rg2 $1 Rb8 60. Bxa4 Qd4 61. Kb1 c3 62. b4 Qd3+ 63. Ka2 $18) 59... Qxc4+ 60.
Bxc4 Rxd7 $132) 59. Qe7 $18 Qb8 ({Èëè} 59... Qe4+ 60. Qxe4 Nxe4 61. Re2 Nf6 62.
Bxa4 Nxd7 (62... h4 63. Re8 $1) 63. Rd2 {è ò.ä.}) 60. Rg2 Ng4 61. f6 $1 Rg8 62.
f7 {Ïðîñòî è ïî-÷åëîâå÷åñêè.} ({«Íåïëîõî» è} 62. Rxg4 $1 hxg4 63. Bc4 $1)
62... Rf8 63. Rxg4 $1 Qxb5 (63... hxg4 64. Bd3+ g6 65. Qf6 Qh2+ 66. Kc3 Qh6 67.
Kc4 $1) 64. Qe4+ {Îïÿòü ñàìîå íàä¸æíîå.} ({«Ìîæíî»} 64. d8=Q) 64... Kh8 65.
Rg5 ({Èëè} 65. Qe8 Qb3+ 66. Kc1) 65... Qb3+ 66. Kc1 Qxf7 67. Rf5 $1 Qxf5 68.
Qxf5 Rxf5 69. d8=Q+ Kh7 70. Qe8 1-0

[Event "XX Ciudad de Leon"]
[Site "Leon ESP"]
[Date "2007.07.07"]
[Round "1.2"]
[White "Kasimdzhanov, R."]
[Black "Topalov, V."]
[Result "0-1"]
[WhiteElo "2677"]
[BlackElo "2772"]
[Annotator "Ëåáåäåâ Âàñèëèé"]
[PlyCount "122"]
[EventDate "2007.07.06"]

1. d4 Nf6 2. c4 g6 3. Nc3 Bg7 4. e4 d6 5. f3 O-O 6. Be3 c5 7. Nge2 Nc6 8. d5
Ne5 9. Ng3 e6 10. Be2 exd5 11. cxd5 h5 12. O-O Nh7 13. Qd2 h4 14. Nh1 f5 15.
Nf2 Bd7 16. Rab1 (16. a4 a6 17. a5 Qf6 18. Qc2 f4 19. Bd2 h3 20. Nxh3 Bxh3 21.
gxh3 Qh4 22. Nd1 Qxh3 23. Ra3 Ng5 24. Kh1 Rf7 25. Nf2 Qh5 26. Qd1 Raf8 27. Rg1
Nh7 28. Bf1 Ng5 29. Be2 Nd7 30. Ng4 Bxb2 31. Rb3 Bd4 32. Rg2 Ne5 33. Nxe5 Bxe5
34. Rg4 Nxe4 {(0-1 Bischoff,K (2560) - Radjabov,T (2682)/Mainz 2005).}) 16...
Qf6 $146 {Âûçûâàÿ îãîíü íà ñåáÿ...} (16... Rc8 17. Kh1 a6 18. Rg1 {
(1/2 Wang,D (2143) - Ju,W (2281)/Xiapu 2005).}) 17. f4 Nf7 18. Kh1 ({Ïðîâåðÿåì
} 18. e5 dxe5 19. fxe5 Qxe5 20. Nd3 {, íàõîäèì} Qxe3+ $1 21. Qxe3 Bd4) ({
è ñîâåòóåì} 18. Bd3 $5) 18... Rfe8 19. Nb5 Qd8 20. b4 b6 21. bxc5 ({
Âñ¸ æå, ìíå êàæåòñÿ, âåñüìà ïåðñïåêòèâíûì «òåìàòè÷åñêîå»} 21. e5 $5 {
, ñâÿçàííîå ñ æåðòâîé ïåøêè:} dxe5 22. bxc5 bxc5 23. d6 $1 exf4 24. Bxf4 Rb8
25. Bc4 $44) 21... bxc5 22. Bd3 $6 {Ý-ýõ!} ({À ÷òî, åñëè «çàôèãà÷èòü» -} 22.
Nxd6 $1 Nxd6 23. e5 {è ò.ä. - óæ, ÿâíî íå õóæå òîãî, ÷òî ïîëó÷èëîñü â ïàðòèè!})
22... Nf6 23. Nc3 Qa5 ({Ñëîâíî â íàêàçàíèå çà íåðåøèòåëüíîñòü áåëûõ íà 22-ì
õîäó, â ðàñïîðÿæåíèè èõ ïðîòèâíèêà ñåé÷àñ áûëà ñòàíäàðòíàÿ âîçìîæíîñòü
«çàôååðèòü» â öåíòðå -} 23... fxe4 $5 24. Nfxe4 $140 ({íî} 24. Ncxe4 $142
Nxd5 25. Bc4 Nxe3 26. Qxe3 Be6 (26... Bd4 $2 27. Qb3 $1 $16) 27. Bxe6 Rxe6 28.
Qh3 Qe8 29. Ng5 Nxg5 30. fxg5 Qe7 31. Ng4 Re8 $15) 24... Nxe4 25. Nxe4 c4 $1)
24. Qc2 ({Ñíÿòèå íàïðÿæåíèå ïóò¸ì} 24. exf5 {
, íà ÷¸ì íàñòàèâàåò Rybka, ìîæíî ñ÷èòàòü ìîðàëüíîé ïîáåäîé ÷¸ðíûõ.}) 24...
Ng4 $1 $36 25. Ncd1 (25. Bd2 c4 $1 26. Bxc4 Rac8) (25. Nxg4 Qxc3 26. Qxc3 Bxc3
27. Rfc1 Bg7 28. e5 fxg4 29. e6 Bxe6 30. dxe6 Rxe6 $15) 25... Ba4 ({
Âèäèìî, ïîñèëüíåå áûëî} 25... fxe4 26. Nxe4 ({èëè} 26. Bxe4 Qa4 $1 {
- çàùèùàòüñÿ òóò î÷åíü ïðîòèâíî}) 26... c4 $1 27. Qxc4 Rac8 28. Bd2 ({èëè} 28.
Qb3 Ba4 29. Bd2 Bxb3 30. Bxa5 Bxa2 31. Rb4 Bxd5 {è ò.ä.}) 28... Rxc4 29. Bxa5
Rcxe4 $1 30. Bxe4 Rxe4 $15 {è ò.ä.}) 26. Qe2 Bxd1 27. Nxd1 (27. Rbxd1 $142 Nxe3
28. Qxe3 Qa4 (28... Qxa2 29. Qh3 $36) (28... Bd4 $6 29. Qh3 Bxf2 30. exf5 $1)
29. Qf3 $13) 27... Nfh6 ({À çäåñü ïðåäëàãàåòñÿ} 27... c4 $1 28. Bxc4 $140 Rxe4
29. Bd3 Re7 ({ìîæíî è ôîðñèðîâàòü ïåðåõîä â âûãîäíûé ýíäøïèëü:} 29... Rxe3 $5
30. Nxe3 Re8 31. Nc4 $1 Rxe2 32. Nxa5 Nf2+ 33. Rxf2 Rxf2 {è ò.ä.}) 30. Rb5 (30.
Bc4 $4 Nxe3 31. Nxe3 Qc5 $19) 30... Qa4 31. Qd2 Nxe3 32. Nxe3 Rae8 $36) 28. Bd2
Qxa2 29. Rb7 ({Ìîæíî áûëî ðàçìåíÿòü ôåðçåé, íå óìåíüøàÿ ñëîæíîñòè ïîçèöèè -} 
29. e5 $1 {(ñðàçó!)} c4 30. Bc3 $1 Qxe2 31. Bxe2 dxe5 32. d6 $1 exf4 33. Bxc4+
Kh8 34. Ba5 {è ïðîõîäíàÿ áåëûõ î÷åíü îïàñíà.}) 29... Qa3 $1 30. e5 dxe5 ({
Òåïåðü æå, ïðè ïîëîæåíèè ôåðçÿ íà à3, ó ÷¸ðíûõ áàë ñëåäóþùàÿ õèòðàÿ âîçìîæíîñòü -}
30... Nxh2 $5 31. Kxh2 c4 $1 32. Bc3 ({êîíå÷íî, íå} 32. Bxc4 $2 Qg3+ 33.
Kg1 Ng4 $19 {, íî ñìîòðèì äàëüøå}) 32... cxd3 33. Qxd3 Ng4+ 34. Kh3 $1 ({ïëîõî
} 34. Kg1 Qc5+ 35. Nf2 dxe5 {è ò.ä.}) ({à ïîñëå} 34. Kh1 Rac8 35. Rxg7+ Kxg7
36. exd6+ Rxc3 37. Qxc3+ Qxc3 38. Nxc3 {ïîëó÷àåòñÿ îñòðåéøèé ýíäøïèëü, â
êîòîðîì ó ÷¸ðíûõ íåêîòîðûé ïåðåâåñ çà ñ÷¸ò àðåñòîâàííîãî êîðîëÿ ïðîòèâíèêà.
Õîòÿ òóò, ðàçóìååòñÿ, òðåáóåòñÿ óãëóáë¸ííûé àíàëèç.}) 34... Rec8 (34... Rab8 $2
35. Rxg7+ $1 Kxg7 36. e6+ Kh7 37. Kxh4 $1 Rh8 38. Kg5 $3 Kg8 39. Qd4 Rh5+ 40.
Kxg6 {(íåò, âû ñìîòðèòå êàêîâ!)} Rh7 41. Kxf5 $16 {- îéðæóíèìàãó!}) 35. Kxh4 $1
Rab8 36. Rxg7+ Kxg7 37. e6+ Rxc3 38. Qxc3+ Qxc3 39. Nxc3 a5 {- îïÿòü ýíäøïèëü,
îïÿòü íè÷åãî íå ïîíÿòü, ïîýòîìó áûñòðåíüêî âîçâðàùàåìñÿ ê ïàðòèè.}) 31. d6 Kh8
32. d7 (32. Bc3 $5 c4 33. d7 Reb8 (33... Red8 34. Bxc4) 34. Rxb8+ Rxb8 35. Bxc4
e4 36. Qd2 Rd8 37. Ba5 Rxd7 38. Qxd7 Qxa5 39. Qd6 Kh7 $13) 32... Re7 {
Ïîçèöèÿ, êîíå÷íî, ãîëîâîëîìíåéøàÿ...} 33. fxe5 ({
Âîò ìàëàÿ òîëèêà ïðèìåðíûõ âàðèàíòîâ, ïîäòâåðæäàþùèõ ãîëîâîëîìíîñòü:} 33. h3
$5 Nf6 34. fxe5 Nh5 (34... Nxd7 $5 35. e6 c4 36. Bxh6 Bxh6 37. Bxf5 $1 {
, è âñ¸ ðàâíî ìàëî, ÷òî ïîíÿòíî....}) 35. Be1 Rxe5 36. Qf3 Rd8 (36... Bf6 37.
Bc3 Ng3+ 38. Kg1 Nxf1 $140 $4 39. Qc6 $1 $18) 37. Bxh4 (37. Bc3 $2 Ng3+) 37...
Bf6 38. Bxf6+ (38. Bf2 $2 Ng4 $1 39. hxg4 $140 fxg4 40. Qxg4 Qxd3 41. Ne3 Rxe3
$1) 38... Nxf6 39. Qg3 Nf7 (39... Re6 40. Rb8 $1 Nf7 41. Nf2 Kg7 42. Rxd8 Nxd8
43. Qc7 $16) 40. Rf3 Qa1 41. Rb1 Qd4 42. Qxg6 Re1+ 43. Rf1 Rxf1+ 44. Bxf1 {
Âñå íàçàä...} Ne4 $1 45. Nc3 $3 {Îé!} Qxc3 (45... Nxc3 $4 46. Qxf7 Nxb1 47.
Qh5+ Kg7 48. Qg5+) (45... Qg7 $5) 46. Qxf7 Qf6 47. Qxf6+ Nxf6 48. Bb5 a6 49.
Ba4 Kg7 50. Rb6 a5 51. Ra6 Kf7 52. Rxa5 Nxd7 53. Bxd7 Rxd7 54. Rxc5 $11 {Óôô...
}) 33... Rxe5 34. Qf3 Rd8 35. Bb5 Qa2 36. Bg5 Bf6 37. Bf4 a6 {
Ïîñëåäíèå 4 õîäà - ïî ïåðâîé ðûáíîé ëèíèè...} 38. Bc6 $6 {
À âîò çäåñü Ðóñòàì ñïëîõîâàë...} ({Ñëåäîâàëî ïðîäîëæàòü} 38. Ra7 $1 {
, ñîõðàíÿÿ íåâåðîÿòíûé íàêàë â ïîçèöèè:} g5 $140 ({âèäèìî, ëó÷øå} 38... Re6 39.
Bc7 Nf7 40. Bxd8 Nxd8 $132) 39. Rxa6 Qd5 40. Rxf6 $1 gxf4 41. Qxf4 Nxf6 42. Ne3
Qe4 43. Qxh6+ Nh7 44. Qb6 $1 Rxd7 45. Bxd7 Qxe3 46. Qd8+ Kg7 47. Bxf5 $36)
38... g5 ({Ëþáîïûòíî è} 38... Qe6 $5 39. Bxe5 Nxe5 40. Re1 $1 Qd6 $1 (40...
Qxc6 41. Qxc6 Nxc6 42. Rb6 $1 Ng4 43. Rxc6 Kg7 44. Rc7 $1) 41. Qd5 Nhf7 42.
Qxd6 (42. Rb6 Rxd7 $1) 42... Nxd6 43. Rc7 Nxc6 44. Rxc6 Rxd7 45. Rxc5 Ne4 $15)
39. Bxe5 Nxe5 40. Bd5 (40. Qd5 $5) 40... Qd2 41. Qb3 Kg7 42. Be6 Qe2 43. Rg1 f4
({Êàê ýòî íè ñòðàííî, ïîñëå} 43... h3 $5 {ó ÷¸ðíûõ ìàëî ÷òî ïîëó÷àåòñÿ:} 44.
Qxh3 Neg4 45. Rb6 Bd4 46. Qg3 $1 (46. Qf3 $2 Qe5 47. g3 c4 $1 48. Rxa6 c3 $19)
46... f4 (46... Bxg1 $4 47. Qd6 $1) 47. Qf3 Qxf3 48. gxf3 Bxg1 49. fxg4 Bd4 50.
Kg2) 44. h3 $2 ({Êàê ìíå êàæåòñÿ, íåîáõîäèìî áûëî ïðåäëîæèòü ðàçìåí ôåðçåé} 44.
Qb2 $5 {, ñîõðàíÿÿ âûñîêîå íàïðÿæåíèå:}) 44... c4 ({Øòûêîâîé óäàð} 44... f3 $1
{ïðèíîñèë ïîáåäó. Íàïðèìåð,} 45. Qd5 (45. gxf3 Nxf3) (45. Nc3 fxg2+ 46. Rxg2
Qf1+ 47. Rg1 Qf3+ 48. Rg2 c4 $1 49. Qb2 Nd3 $19) 45... f2 46. Nxf2 Qxf2 47. Rd1
c4 48. Qd4 Neg4 $1) 45. Qb6 ({Óïîðíåå} 45. Qb2 $5 {(Rybka), õîòÿ ñîìíèòåëüíî,
÷òîáû áåëûì óäàëîñü çäåñü óñòîÿòü. Íåò åñëè ïîñàäèòü èãðàòü çà áåëûõ ðûáèíó,
òî...} Qxb2 46. Nxb2 c3 47. Na4 Nd3 {
È òåïåðü î÷åíü âåñåëî áóäåò íà äîñêå ïîñëå} 48. Bc4 $6 ({ïðàâèëüíî} 48. Rf1 $1
c2 $140 49. Rc7 c1=Q 50. Rfxc1 Nxc1 51. Rxc1) 48... Nf2+ 49. Kh2 g4 $1 50. Re1
Bd4 51. Nxc3 $1 (51. Re8 $2 g3+ 52. Kg1 c2 $19) 51... g3+ (51... Bxc3 52. Re8
$1) 52. Kg1 Nd3+ 53. Kf1 Nxe1 54. Ne2 Be3 $1 55. Kxe1 f3 $1 56. gxf3 g2 {è ò.ä.
}) 45... f3 $1 $19 46. Qf2 ({Èëè} 46. Ne3 Nd3) 46... Nd3 47. Qxf3 Qxe6 48. Rf1
Nf4 ({Ìîæíî áûëî óíè÷òîæèòü òàê äîëãî ñòðàùàâøóþ ÷¸ðíûõ ïåøêó -} 48... Nc5 {
è ò.ä., íî Âåñåëèí âèäèò òîëüêî êîðîëÿ ïðîòèâíèêà. È ïðàâèëüíî, è ìîëîäåö!})
49. Ne3 c3 50. Rd1 Nf5 51. Re1 ({Íè÷åãî ñóùåñòâåííî íå ìåíÿåò è} 51. Nxf5+
Qxf5 52. Rc7 Qc2 53. Rc5 a5 54. Rxa5 Qb2 {è ò.ä.}) 51... Ng3+ ({
«Ïðåçðèòåëüíî» îòâåðãàÿ} 51... Nxe3 52. Rxe3 c2 $1) 52. Kh2 (52. Kg1 Bd4 $19)
52... Be5 {
Êîíè ÷¸ðíûõ ñêîðî íà÷íóò îòñêàêèâàòü â ñòîðîíêó ñ îãëóøèòåëüíûì ýôôåêòîì...}
53. Ng4 Nfe2 54. Qd3 Bf4 ({Òóò óæ ïîêîïàåìñÿ åù¸ íåìíîãî. Íå ïðîïàäàòü æå
äîáðó! Íàïðèìåð, ðàçâå íå ðàäóåò ãëàç, òàêîé âîò âàðèàíò -} 54... Ne4+ 55. Kh1
(55. g3 hxg3+ 56. Kg2 Nf4+) 55... Qxg4 $1 56. hxg4 Nf2#) 55. Qxc3+ $1 Kf7 (
55... Nxc3 56. Rxe6 Nge4+ 57. Kg1 Nc5 58. Re7+ Kf8 59. Re8+ Rxe8 60. dxe8=Q+
Kxe8 61. Ra7) 56. Qd3 $4 ({
Ïðîäëèòü «î÷àðîâàíèå áèòâû» ìîæíî áûëî ïóò¸ì ðàçìåíà ôåðçåé:} 56. Qb3) 56...
Nf5+ 57. g3 hxg3+ 58. Kg2 Nh4+ 59. Kf1 g2+ 60. Kf2 Bg3+ 61. Qxg3 Nxg3 {
Íåâåðîÿòíàÿ ïî íàêàëó ïàðòèÿ!} 0-1